| 000 | 00653nam a2200229 i 4500 | ||
|---|---|---|---|
| 001 | 9889 | ||
| 003 | ES-MaACL | ||
| 005 | 20230906145757.0 | ||
| 007 | t| | ||
| 008 | 940407s1991 sp ||||1| spa d | ||
| 020 | _a84-245-0580-8 | ||
| 080 | _a821.134.2-2"19" | ||
| 100 | 1 |
_aUbillos, Germán. _9111844 |
|
| 245 | 1 | 0 |
_aSu nombre es Félix ; _bEl reinado de los lobos / _cGermán Ubillos. |
| 260 |
_aMadrid : _bFundamentos, _c1991. |
||
| 300 |
_a129 p. ; _c21 cm. |
||
| 490 | 1 |
_aEspiral ; _v147. Teatro |
|
| 740 | 3 | 2 | _aEl reinado de los lobos. |
| 830 | 1 |
_aEspiral ; _v147. Teatro _9178606 |
|
| 852 | 4 |
_aES-MaACL _jL-17031 |
|
| 999 |
_c9889 _d9889 |
||